Statistics for MathDition(Random) -Zoom

Click here to take the quiz!

General Stats

  • This quiz has been taken 11 times
  • The average score is 19 of 20

Answer Stats

HintAnswer% Correct
6 + 410
100%
32 + 72104
100%
5 + 611
100%
3 + 912
100%
4 + 913
100%
12 + 416
100%
2 + 13
100%
43 + 245
100%
3 + 47
100%
12 + 6375
100%
54 + 2579
100%
1 + 78
100%
5 + 49
100%
7 + 29
100%
541 + 16557
88%
672 + 125797
88%
341 + 8191160
75%
423 + 7651188
75%
761 + 8621623
75%
1162 + 15602722
75%

Score Distribution

Percentile by Number Answered

Percent of People with Each Score

Your Score History

You have not taken this quiz